[Event "Dewan Astana Karnival op"]
[Site "Dewan Astana"]
[Date "2015.07.30"]
[Round "2"]
[White "Abdul Rahman, M Sapuan"]
[Black "Tuan, Muhd Fauzan Tuan Ib"]
[Result "1-0"]
[WhiteElo "1607"]
[BlackElo "1217"]
[PlyCount "66"]
[EventDate "2015.07.29"]
[EventType "swiss"]
[EventRounds "7"]
[EventCountry "MAS"]
[SourceTitle "EXT 2017"]
[Source "ChessBase"]
[SourceDate "2016.10.25"]
[SourceVersion "1"]
[SourceVersionDate "2016.10.25"]
[SourceQuality "1"]

1. d4 d5 2. c4 c6 3. Nc3 Nf6 4. Nf3 e6 5. g3 Nbd7 6. Bg2 Be7 7. 0-0 0-0 8. Qc2 Ne8 9. e4 dxc4 10. a4 f5 11. Be3 Ndf6 12. Nd2 fxe4 13. Ncxe4 Nxe4 14. Nxe4 Nd6 15. Nxd6 Bxd6 16. Qxc4 Kh8 17. a5 a6 18. f4 Bc7 19. Bd2 Bd7 20. Bc3 Re8 21. Rfe1 Qe7 22. d5 Qf7 23. dxc6 bxc6 24. Be5 Bxe5 25. Rxe5 Rec8 26. h3 Kg8 27. Rd1 h6 28. Rd6 Qe8 29. f5 Qe7 30. Qc5 Kf7 31. Rxd7 Qxd7 32. fxe6+ Qxe6 33. Rxe6 Kxe6 1-0

[Event "Dewan Astana Karnival op"]
[Site "Dewan Astana"]
[Date "2015.07.29"]
[Round "1"]
[White "See, Kai Jun"]
[Black "Abdul Rahman, M Sapuan"]
[Result "0-1"]
[WhiteElo "1313"]
[BlackElo "1607"]
[PlyCount "69"]
[EventDate "2015.07.29"]
[EventType "swiss"]
[EventRounds "7"]
[EventCountry "MAS"]
[SourceTitle "EXT 2017"]
[Source "ChessBase"]
[SourceDate "2016.10.25"]
[SourceVersion "1"]
[SourceVersionDate "2016.10.25"]
[SourceQuality "1"]

1. d4 e6 2. c4 Nf6 3. Nc3 Bb4 4. Qc2 0-0 5. Bg5 d6 6. Nf3 Nbd7 7. e3 b6 8. Be2 Bb7 9. 0-0 Bxc3 10. bxc3 c5 11. Nd2 Re8 12. e4 e5 13. d5 h6 14. Be3 Bc8 15. a4 a5 16. Nb1 Nf8 17. Na3 Ng6 18. Rab1 Nf4 19. Rb2 Nxe2+ 20. Qxe2 Nxe4 21. Bxh6 Bf5 22. Bd2 Rb8 23. Nb5 Rb7 24. Qf3 Bh7 25. g4 f5 26. Be3 f4 27. Bc1 Qf6 28. Re1 Ng5 29. Qg2 e4 30. Kh1 e3 31. f3 Nxf3 32. Rf1 Ng5 33. h3 Be4 34. Rg1 Bxg2+ 35. Rgxg2 0-1